00544nam a22002057a 450000500170000001000130001702000220003003500130005203700160006504000120008108200160009310000220010924500510013126000440018227000110022630000250023750000200026265000200028265000360030220170124110018.0 aA-289464 c00.00a0316100501 aA-289464 bCen Lib/Ret aDPLbEN a336.73bBOA aBoadway, Robin W. aPublic sector economics /cby Robin W. Boadway aBostonbLittle, Brown and Companyc1979 bBoston avii,466p. c23cm(Hb) aIncludes index  aFinance, Public aFinance, Public zUnited States